| 000 | 01311nam a2200361 c 4500 | ||
|---|---|---|---|
| 999 |
_c51442 _d51442 |
||
| 001 | 51442 | ||
| 003 | ES-MaCES | ||
| 005 | 20200123140834.0 | ||
| 008 | 200121s2019 sp | ||0 | spa d | ||
| 017 |
_aM 41904-2018 _bDL |
||
| 020 | _a97884609079407 | ||
| 040 |
_aES-MaCES _bspa _cES-MaCES |
||
| 245 | 0 | 0 |
_aRetos financieros pendientes de la economía española _b: 3er y 4º Panel de seguimiento financiero IEAF-FEF de la economía española |
| 260 |
_a[Madrid] _bFundación de Estudios Financieros _c2019 |
||
| 300 |
_a114 p. _c24 cm |
||
| 490 | 1 |
_aDocumentos de trabajo. Foros de debate de la Fundación _v16 |
|
| 541 | _cGratuito | ||
| 650 | 4 |
_acondiciones económicas _927081 |
|
| 650 | 4 |
_apolítica económica _927025 |
|
| 650 | 4 |
_asector financiero _930761 |
|
| 650 | 4 |
_apolítica financiera _928124 |
|
| 650 | 4 |
_apolítica crediticia _928109 |
|
| 650 | 4 |
_aahorro _928137 |
|
| 650 | 4 |
_ainversión _928141 |
|
| 650 | 4 |
_aseguros _928121 |
|
| 650 | 4 |
_arégimen privado de pensión _930260 |
|
| 650 | 4 |
_aEspaña _926964 |
|
| 653 | 1 | 0 | _aEconomía |
| 710 | 2 |
_aFundación de Estudios Financieros (Madrid) _eed. _93793 |
|
| 830 | 0 |
_935099 _aDocumentos de trabajo (Fundación de Estudios Financieros (Madrid)) _nForos de debate _v16 |
|
| 902 | _aDOC Literatura gris | ||
| 942 |
_2CES _cBK _h0.0. |
||